书目信息 |
| 题名: |
教育统计与测评技术
|
|
| 作者: | 朱德全 , 宋乃庆 主编 | |
| 分册: | ||
| 出版信息: | 重庆 西南师范大学出版社 2018.01 |
|
| 页数: | 362页 | |
| 开本: | 26cm | |
| 丛书名: | ||
| 单 册: | ||
| 中图分类: | G40-051 , G449 | |
| 科图分类: | ||
| 主题词: | 教育统计--高等教育--教材 , 教育测验--高等教育--教材 | |
| 电子资源: | ||
| ISBN: | 978-7-5621-9079-0 | |
| 000 | 01264nam0 2200301 450 | |
| 001 | 0120182417354 | |
| 005 | 20180905154225.73 | |
| 010 | @a978-7-5621-9079-0@dCNY69.00 | |
| 100 | @a20180322d2018 em y0chiy50 ea | |
| 101 | 0 | @achi |
| 102 | @aCN@b500000 | |
| 105 | @aak z 000yy | |
| 106 | @ar | |
| 200 | 1 | @a教育统计与测评技术@9jiao yu tong ji yu ce ping ji shu@f朱德全,宋乃庆主编 |
| 205 | @a6版 | |
| 210 | @a重庆@c西南师范大学出版社@d2018.01 | |
| 215 | @a362页@c图@d26cm | |
| 300 | @a普通高等教育“十一五”国家级规划教材 北京师范大学中国基础教育质量监测协同创新中心重大课题资助 课题批准号:2016-06-004-BZK01 | |
| 330 | @a该书共十八章,分为教育统计篇、教育测量篇、教育评价篇三部分。全书内容丰富,知识体系完整,将教育统计、教育测量与教育评价融合起来,既符合三门学科之间的逻辑关系,也有利于整合三门学科的优势,充分发挥出教育统计与测评技术在教育管理、教育教学实践和教育科学研究中的作用,彰显出该门学科的重要价值。 | |
| 333 | @a本书适合作为大专院校相关专业教材 | |
| 606 | 0 | @a教育统计@x高等教育@j教材 |
| 606 | 0 | @a教育测验@x高等教育@j教材 |
| 690 | @aG40-051@v5 | |
| 690 | @aG449@v5 | |
| 701 | 0 | @a朱德全@9zhu de quan@4主编 |
| 701 | 0 | @a宋乃庆@9song nai qing@4主编 |
| 801 | 0 | @aCN@b人天书店@c20180322 |
| 905 | @b1090348-52@dG40-051@e873=6@f5 | |
| 教育统计与测评技术/朱德全,宋乃庆主编.-6版.-重庆:西南师范大学出版社,2018.01 |
| 362页:图;26cm |
| 普通高等教育“十一五”国家级规划教材 北京师范大学中国基础教育质量监测协同创新中心重大课题资助 课题批准号:2016-06-004-BZK01.-使用对象:本书适合作为大专院校相关专业教材 |
| ISBN 978-7-5621-9079-0:CNY69.00 |
| 该书共十八章,分为教育统计篇、教育测量篇、教育评价篇三部分。全书内容丰富,知识体系完整,将教育统计、教育测量与教育评价融合起来,既符合三门学科之间的逻辑关系,也有利于整合三门学科的优势,充分发挥出教育统计与测评技术在教育管理、教育教学实践和教育科学研究中的作用,彰显出该门学科的重要价值。 |
| ● |
| 相关链接 |
|
|
|
|
正题名:教育统计与测评技术
索取号:G40-051/873=6
 
预约/预借
| 序号 | 登录号 | 条形码 | 馆藏地/架位号 | 状态 | 备注 |
| 1 | 1090348 | 210903487 | 第一样本阅览室/ [索取号:G40-051/873=6] | 在馆 | |
| 2 | 1090349 | 210903496 | 教育系资料室/ [索取号:G40-051/873=6] | 在馆 | |
| 3 | 1090350 | 210903502 | 教育系资料室/ [索取号:G40-051/873=6] | 在馆 | |
| 4 | 1090351 | 210903511 | 第四借阅区/ [索取号:G40-051/873=6] |
已借出,限还日期为2025.09.16 借出人:郭颖 |
|
| 5 | 1090352 | 210903520 | 第四借阅区/ [索取号:G40-051/873=6] |
已借出,限还日期为2024.12.06 借出人:张晓勇 |